Bioremediation /

I tiakina i:
Ngā taipitopito rārangi puna kōrero
Kaituhi matua: Valdes, James J. (ed.)
Hōputu: Pukapuka
Reo:Ingarihi
I whakaputaina: Dordrecht, Holanda : Kluwer, 2000, c2000
Ngā marau:
Ngā Tūtohu: Tāpirihia he Tūtohu
Kāore He Tūtohu, Me noho koe te mea tuatahi ki te tūtohu i tēnei pūkete!

MARC

LEADER 00000nam^a2200000^a^4500
001 000144999
005 20250521000000.0
009 20260310095821.477
020 |a 0-7923-6459-7 
037 |a Acervo ITESO - Biblioteca 
041 |a ING 
082 |a 628. 5  |b VAL 
100 |a Valdes, James J.  |e (ed.) 
245 1 0 |a Bioremediation /  |c Ed. de J.J. Valdes ; introd. de Donald L. Wise. 
264 4 |a Dordrecht, Holanda :  |b Kluwer,  |c 2000, c2000 
300 |a XII, 169 p. 
336 |a texto  |b txt  |2 rdacontenido 
337 |a sin mediación  |b n  |2 rdamedio 
338 |a volumen  |b nc  |2 rdasoporte 
649 |a XX 
650 |a Ingeniería Sanitaria 
650 |a Biodegradación 
650 |a Microorganismos 
650 |a Metales 
650 |a Suelos -  |x Contaminación 
650 |a Desechos Orgánicos 
650 |a Contaminación Ambiental 
650 |a Conservación y Protección Ambiental 
650 |a Sensores 
650 |a Monitoreo Ambiental 
650 |a Análisis Cromatográfico 
650 |a Biotecnología 
650 |a Electrónica 
650 |a Auditoría Ambiental 
650 |a Ingeniería Química 
650 |a Ingeniería Ambiental 
910 |a Fondo General 
920 |a Impresos - Libros 
930 |a Colección General 
905 |a 101 
901 |a 0500074129  |b IT1  |c ACC  |u 20250521 
902 |a https://opac.biblio.iteso.mx/vufind/Record/000144999